<?xml version="1.0" encoding="UTF-8"?>
<collection xmlns="http://www.loc.gov/MARC21/slim">
 <record>
  <leader>00667pamaa2200169   4500</leader>
  <controlfield tag="001">0000031511</controlfield>
  <controlfield tag="005">20110126090000.0</controlfield>
  <datafield tag="020" ind1="0" ind2="0">
   <subfield code="a">[ nil ] </subfield>
  </datafield>
  <datafield tag="090" ind1="0" ind2="0">
   <subfield code="a">TJ620 </subfield>
   <subfield code="b">OOI 2002</subfield>
  </datafield>
  <datafield tag="100" ind1="1" ind2="0">
   <subfield code="a">OOI EAN SHEAN </subfield>
  </datafield>
  <datafield tag="245" ind1="1" ind2="4">
   <subfield code="a">The hydraulic study and design of different type of spillway by Ooi Ean Shean. 2. To investigate the properties of steel and its effects on the collapse of the WTC by Lee Chian Tung. 3. Water treatment for domestic use by Tan Ai Chee.</subfield>
  </datafield>
  <datafield tag="260" ind1="0" ind2="0">
   <subfield code="a">Nilai: </subfield>
   <subfield code="b">INTI College Malaysia, </subfield>
   <subfield code="c">December 2002.</subfield>
  </datafield>
  <datafield tag="300" ind1=" " ind2=" ">
   <subfield code="a">Number 14-16.</subfield>
  </datafield>
  <datafield tag="440" ind1="0" ind2="0">
   <subfield code="a">Diploma in Civil Engineering</subfield>
  </datafield>
  <datafield tag="650" ind1="0" ind2="0">
   <subfield code="a">Project paper -- </subfield>
   <subfield code="x">Engineering </subfield>
  </datafield>
  <datafield tag="700" ind1="1" ind2="1">
   <subfield code="a">Lee Chian Tung </subfield>
  </datafield>
  <datafield tag="700" ind1="1" ind2="1">
   <subfield code="a">Tan Ai Chee </subfield>
  </datafield>
 </record>
</collection>
